000 00210 a2200097 4500
001 18601
100 _aJafri, A.A
245 _aTarikh-e-Daulat fatima
260 _a
_bAdarah-e-saqafat
_c
090 _c13829
_d13829
942 _aNUST-CAE
_cM
_c4257
999 _c253674
_d253674